书目信息 |
| 题名: |
土木工程施工
|
|
| 作者: | 杨建中 , 殷为民 主编 | |
| 分册: | ||
| 出版信息: | 武汉 武汉理工大学出版社 2013 |
|
| 页数: | 413页 | |
| 开本: | 26cm | |
| 丛书名: | ||
| 单 册: | ||
| 中图分类: | TU74 | |
| 科图分类: | ||
| 主题词: | 土木工程--工程施工--高等学校--教材 , 土木工程 | |
| 电子资源: | ||
| ISBN: | 978-7-5629-4048-7 | |
| 000 | 01010nam0 2200253 450 | |
| 001 | 142113 | |
| 005 | 20141115153458.51 | |
| 010 | @a978-7-5629-4048-7@dCNY 46.00 | |
| 100 | @a20131121d2013 em y0chiy50 ea | |
| 101 | 0 | @achi |
| 102 | @aCN@b420000 | |
| 105 | @aa z 000yy | |
| 200 | 1 | @a土木工程施工@9tu mu gong cheng shi gong@b专著@f殷为民,杨建中主编 |
| 210 | @a武汉@c武汉理工大学出版社@d2013 | |
| 215 | @a413页@c图@d26cm | |
| 300 | @a高等学校土木工程专业“卓越工程师”教育“十二五”规划教材 普通高等教育土木工程专业指导性规范配套“十二五”规划教材 | |
| 330 | @a本书共13章,包括土方工程、桩基础工程、模板工程、钢筋工程、混凝土工程、预应力混凝土工程、结构安装工程、砌体与脚手架工程、防水工程、装饰工程、桥梁结构工程施工、路面与隧道工程施工等内容。 | |
| 606 | 0 | @a土木工程@x工程施工@x高等学校@j教材 |
| 606 | 0 | @a土木工程 |
| 690 | @aTU74@v5 | |
| 701 | 0 | @a杨建中@9yang jian zhong@c(建筑)@4主编 |
| 701 | 0 | @a殷为民@9yin wei min@c(工程管理)@4主编 |
| 801 | 0 | @c20141115 |
| 905 | @a241430@dTU74@eY584 | |
| 土木工程施工/殷为民,杨建中主编.-武汉:武汉理工大学出版社,2013 |
| 413页:图;26cm |
| 高等学校土木工程专业“卓越工程师”教育“十二五”规划教材 普通高等教育土木工程专业指导性规范配套“十二五”规划教材 |
| ISBN 978-7-5629-4048-7:CNY 46.00 |
| 本书共13章,包括土方工程、桩基础工程、模板工程、钢筋工程、混凝土工程、预应力混凝土工程、结构安装工程、砌体与脚手架工程、防水工程、装饰工程、桥梁结构工程施工、路面与隧道工程施工等内容。 |
| ● |
| 相关链接 |
|
|
|
正题名:土木工程施工
索取号:TU74/Y584
 
预约/预借
| 序号 | 登录号 | 条形码 | 馆藏地/架位号 | 状态 | 备注 |
| 1 | 0839955 | 208399552 | 建筑库201/201建筑库 108排2列6层/ [索取号:TU74/Y584] | 在馆 | |
| 2 | 0839956 | 208399561 | 建筑库201/201建筑库 108排2列6层/ [索取号:TU74/Y584] | 在馆 | |
| 3 | 0839957 | 208399570 | 建筑库201/201建筑库 108排2列6层/ [索取号:TU74/Y584] | 在馆 |